| 000 | 00478 a2200145 4500 | ||
|---|---|---|---|
| 001 | ART_6368 | ||
| 005 | 20260410161825.0 | ||
| 008 | 260409a | ||
| 245 | 1 | 0 | _aCaracterización biológica y económica de la pesquería del calamar (Illex argentinus) |
| 100 | 1 | _aBertolotti, María Isabel | |
| 700 | 1 | _aPagani, Andrea Noemí | |
| 700 | 1 | _aErrazti, Elizabeth | |
| 700 | 1 | _aMallo, Paulino E. | |
| 773 | 0 |
_tFACES _g- Año 7, Nº 10 (ene./abr. 2001) _wREV5046 |
|
| 999 |
_c22738 _d22738 |
||